| 000 | 00983pam a2200277 a 4500 | ||
|---|---|---|---|
| 001 | 3543550 | ||
| 003 | NUST-PNEC | ||
| 005 | 20170116180742.0 | ||
| 008 | 970610s1998 nyua 001 0 eng | ||
| 010 | _a 97025896 | ||
| 020 | _a0393972135 | ||
| 040 | _cPNEC | ||
| 050 | 0 | 0 |
_aBC177 _b.K38 1998 |
| 082 | 0 | 0 |
_a160 KEL _221 |
| 100 | 1 |
_aKelley, David, _d1949- |
|
| 245 | 1 | 4 |
_aThe art of reasoning / _cDavid Kelley. |
| 250 | _a3rd expanded ed. | ||
| 260 |
_aNew York : _bW.W. Norton, _cc1998. |
||
| 300 |
_axviii, 582, 91 p. : _bill. ; _c23 cm. |
||
| 500 | _aIncludes index. | ||
| 650 | 0 | _aReasoning. | |
| 856 | _uhttp://www.amazon.com/Art-Reasoning-Third-David-Kelley/dp/0393972135/ref=sr_1_1?s=books&ie=UTF8&qid=1419191990&sr=1-1&keywords=9780393972139 | ||
| 906 |
_a7 _bcbc _corignew _d1 _eocip _f19 _gy-gencatlg |
||
| 942 |
_2ddc _cBK |
||
| 999 |
_c62204 _d62204 |
||